000 01092nam a22002777a 4500
001 BD-DhSAU 8849
003 BD-DhSAU
005 20181217150742.0
008 150420b2016 bg ||||| m||| 00| 0 eng d
040 _aBD-DhSAU
082 _222
_a635
_bAk79
100 _eRegistration # 10-04058
_a Akter, Fatema
245 _aEffect of Salt industries byproduct on growth and yield of sweet Pepper in soilless culture /
_bMS thesis
_c Akter, Fatema
260 _aSher-e-Bangla Agricultural University :
_bDepartment of Horticulture,
_c2016
300 _aix,39 p. :
_c30 cm.
_bill. ;
500 _aMS thesis of Department of Horticulture, Faculty of Agriculture, Sher-e-Bangla Agricultural University, Dhaka
504 _aIncludes bibliographical reference.
590 _aShofi
650 _aHorticulture
650 _a Salt industries byproduct
650 _aSweet Pepper
700 _a Rahman, Md. Jahedur
_eSuperviser
700 _a Amin, Md. Ruhul
_eCo-superviser
856 _uhttp://archive.saulibrary.edu.bd:8080/xmlui/handle/123456789/139
_yOnline Access
942 _2ddc
_cTHESIS
999 _c14009
_d14008